[Event "Titled Tuesday intern op 10th Jan Early"]
[Site "Chess.com INT"]
[Date "2023.01.10"]
[Round "7"]
[White "Gutierrez Jimenez, Juan Manuel"]
[Black "Abdilkhair, Abilmansur"]
[Result "1-0"]
[WhiteElo "2302"]
[BlackElo "2287"]
[PlyCount "101"]
[EventDate "2023.01.10"]
[EventType "swiss (blitz)"]
[EventRounds "11"]
[EventCountry "USA"]
[SourceTitle "EXT 2024"]
[Source "ChessBase"]
[SourceDate "2023.10.10"]
[SourceVersion "1"]
[SourceVersionDate "2023.10.10"]
[SourceQuality "1"]

1. e4 e5 2. Nf3 Nc6 3. Bb5 a6 4. Ba4 Nf6 5. 0-0 b5 6. Bb3 Be7 7. Re1 0-0 8. a4 b4 9. c3 Rb8 10. d4 bxc3 11. bxc3 exd4 12. cxd4 d5 13. e5 Ne4 14. Nbd2 Bg4 15. Bc2 Nxd4 16. Nxe4 Nxc2 17. Qxc2 dxe4 18. Qxe4 Be6 19. Bf4 Bd5 20. Qe2 Qd7 21. Red1 Rfd8 22. Bg3 Qg4 23. Nd4 Qxe2 24. Nxe2 c6 25. Rab1 Rb4 26. Nc3 Rdb8 27. Rxb4 Rxb4 28. h3 Rb3 29. Nxd5 cxd5 30. Rxd5 g6 31. Rd7 Bb4 32. Bh4 Kg7 33. Bf6+ Kh6 34. Rxf7 Bc5 35. g4 g5 36. Rg7 Bd4 37. Rxg5 Rb2 38. Rh5+ Kg6 39. Rf5 Kf7 40. Bh8+ Ke6 41. Rf6+ Kd5 42. Rd6+ Ke4 43. Rxd4+ Kf3 44. Rd3+ Ke4 45. Re3+ Kf4 46. e6 Rb1+ 47. Kg2 Rb8 48. Bg7 Rg8 49. e7 Rxg7 50. e8Q Rc7 51. Qe5# 1-0

[Event "Titled Tuesday intern op 10th Jan Late"]
[Site "Chess.com INT"]
[Date "2023.01.10"]
[Round "11"]
[White "Gutierrez Jimenez, Juan Manuel"]
[Black "Berezin, Viktor1111"]
[Result "0-1"]
[WhiteElo "2302"]
[BlackElo "2307"]
[PlyCount "68"]
[EventDate "2023.01.10"]
[EventType "swiss (blitz)"]
[EventRounds "11"]
[EventCountry "USA"]
[SourceTitle "EXT 2024"]
[Source "ChessBase"]
[SourceDate "2023.10.10"]
[SourceVersion "1"]
[SourceVersionDate "2023.10.10"]
[SourceQuality "1"]

1. e4 g6 2. d4 Bg7 3. Nf3 d6 4. Nc3 Nf6 5. h3 0-0 6. Be3 Nc6 7. Qd2 e5 8. d5 Ne7 9. g4 c6 10. dxc6 bxc6 11. 0-0-0 d5 12. Bc5 Re8 13. Bxe7 Qxe7 14. exd5 Nxd5 15. Nxd5 cxd5 16. Qxd5 Bb7 17. Qb3 e4 18. Bb5 exf3 19. Bxe8 Rxe8 20. Rhe1 Bh6+ 21. Kb1 Qxe1 22. c3 Qe7 23. a3 Be4+ 24. Ka1 Qe6 25. Qb4 Bf8 26. Qd4 Bc2 27. Rc1 Bb3 28. Qxa7 Qe2 29. Qb6 Qc4 30. g5 Re2 31. h4 Bxa3 32. bxa3 Ra2+ 33. Kb1 Qd3+ 34. Rc2 Qxc2# 0-1

[Event "Titled Tuesday intern op 10th Jan Late"]
[Site "Chess.com INT"]
[Date "2023.01.10"]
[Round "3"]
[White "Gutierrez Jimenez, Juan Manuel"]
[Black "Soyunlu, Narmin Asat Qizi"]
[Result "0-1"]
[WhiteElo "2302"]
[BlackElo "2013"]
[PlyCount "58"]
[EventDate "2023.01.10"]
[EventType "swiss (blitz)"]
[EventRounds "11"]
[EventCountry "USA"]
[SourceTitle "EXT 2024"]
[Source "ChessBase"]
[SourceDate "2023.10.10"]
[SourceVersion "1"]
[SourceVersionDate "2023.10.10"]
[SourceQuality "1"]

1. e4 e5 2. Nf3 Nc6 3. Bb5 a6 4. Ba4 Bc5 5. 0-0 b5 6. Bb3 Nf6 7. Re1 0-0 8. c3 Ba7 9. d4 d6 10. dxe5 dxe5 11. Qxd8 Rxd8 12. Bg5 Be6 13. Nbd2 Na5 14. Bxe6 fxe6 15. Nxe5 h6 16. Bxf6 Rxd2 17. Bh4 Rxb2 18. a4 Nb3 19. Rab1 Rxb1 20. Rxb1 bxa4 21. Nc6 Bc5 22. Bg3 a3 23. Rxb3 a2 24. h3 a1Q+ 25. Kh2 Bd6 26. e5 Bc5 27. Rb7 Bb6 28. Nd4 Qxc3 29. Nxe6 Qc6 0-1

[Event "Titled Tuesday intern op 10th Jan Late"]
[Site "Chess.com INT"]
[Date "2023.01.10"]
[Round "7"]
[White "Gutierrez Jimenez, Juan Manuel"]
[Black "Winkels, Marcel"]
[Result "1-0"]
[WhiteElo "2302"]
[BlackElo "1957"]
[PlyCount "59"]
[EventDate "2023.01.10"]
[EventType "swiss (blitz)"]
[EventRounds "11"]
[EventCountry "USA"]
[SourceTitle "EXT 2024"]
[Source "ChessBase"]
[SourceDate "2023.10.10"]
[SourceVersion "1"]
[SourceVersionDate "2023.10.10"]
[SourceQuality "1"]

1. e4 c5 2. Nf3 e6 3. d4 cxd4 4. Nxd4 Nc6 5. Nc3 Qc7 6. g3 a6 7. Bg2 Nf6 8. Nde2 d6 9. 0-0 Bd7 10. b3 Be7 11. Bb2 0-0 12. a4 Rfd8 13. Qd2 Be8 14. Rad1 Nb4 15. Ba3 d5 16. exd5 exd5 17. Nd4 Rac8 18. Bb2 Nc6 19. Rfe1 Bb4 20. Nxc6 Qxc6 21. Re3 Ne4 22. Bxe4 dxe4 23. Qxd8 Rxd8 24. Rxd8 f5 25. Nd5 Bc5 26. Rc3 Kf7 27. Ba3 Qb6 28. Rxe8 Bxa3 29. Re7+ Bxe7 30. Nxb6 1-0

[Event "Titled Tuesday intern op 10th Jan Late"]
[Site "Chess.com INT"]
[Date "2023.01.10"]
[Round "5"]
[White "Hoffmann, Asa"]
[Black "Gutierrez Jimenez, Juan Manuel"]
[Result "1-0"]
[WhiteElo "2185"]
[BlackElo "2302"]
[PlyCount "69"]
[EventDate "2023.01.10"]
[EventType "swiss (blitz)"]
[EventRounds "11"]
[EventCountry "USA"]
[SourceTitle "EXT 2024"]
[Source "ChessBase"]
[SourceDate "2023.10.10"]
[SourceVersion "1"]
[SourceVersionDate "2023.10.10"]
[SourceQuality "1"]

1. d4 d6 2. e4 Nf6 3. f3 g6 4. Be3 c6 5. Qd2 Nbd7 6. Nc3 b5 7. Bd3 Nb6 8. a3 Nc4 9. Bxc4 bxc4 10. Nge2 Rb8 11. Rb1 Bg7 12. Bh6 0-0 13. h4 e5 14. Bxg7 Kxg7 15. h5 Qe7 16. hxg6 fxg6 17. Qh6+ Kg8 18. dxe5 dxe5 19. Ng3 Rf7 20. Qg5 Ne8 21. Qxe7 Rxe7 22. Na4 Be6 23. Nc5 Bf7 24. Nf1 Nd6 25. Ne3 Nb5 26. c3 Nxc3 27. Rc1 Rxb2 28. Rxc3 Rb1+ 29. Nd1 Re8 30. 0-0 Rd8 31. Ne3 Rb2 32. Rf2 Rb5 33. Na6 Rd4 34. Nb4 c5 35. Nc6 1-0

[Event "Seville op 41st"]
[Site "Seville"]
[Date "2016.01.13"]
[Round "6"]
[White "Morales Barrera, Raul"]
[Black "Gutierrez Jimenez, Juan Manuel"]
[Result "0-1"]
[WhiteElo "2086"]
[BlackElo "2288"]
[PlyCount "70"]
[EventDate "2016.01.08"]
[EventType "swiss"]
[EventRounds "9"]
[EventCountry "ESP"]
[SourceTitle "CBM 170 Extra"]
[Source "ChessBase"]
[SourceDate "2016.02.25"]
[SourceVersion "1"]
[SourceVersionDate "2016.02.25"]
[SourceQuality "1"]

1. d4 d6 2. e4 Nf6 3. Nc3 g6 4. Be3 c6 5. Qd2 b5 6. f3 Nbd7 7. g4 Nb6 8. Bd3 Qc7 9. h4 h5 10. g5 Nfd7 11. d5 a6 12. Bd4 Rg8 13. dxc6 Qxc6 14. Nd5 Bb7 15. Nxb6 Nxb6 16. b3 Bg7 17. c3 Kf8 18. Rc1 Nd7 19. Ne2 Ne5 20. 0-0 Qd7 21. Kf2 Qh3 22. Bxe5 Bxe5 23. Rh1 Qd7 24. Ng3 Rc8 25. f4 Bh8 26. Rhd1 Qc6 27. Ne2 Kg7 28. c4 bxc4 29. Rxc4 Qd7 30. Qe3 Kh7 31. e5 Qg4 32. f5 Rxc4 33. fxg6+ fxg6 34. bxc4 Qxh4+ 35. Ng3 Bxe5 0-1

[Event "Seville op 41st"]
[Site "Seville"]
[Date "2016.01.12"]
[Round "5"]
[White "Gutierrez Jimenez, Juan Manuel"]
[Black "Fernandez Romero, Ernesto"]
[Result "0-1"]
[WhiteElo "2288"]
[BlackElo "2475"]
[PlyCount "80"]
[EventDate "2016.01.08"]
[EventType "swiss"]
[EventRounds "9"]
[EventCountry "ESP"]
[SourceTitle "CBM 170 Extra"]
[Source "ChessBase"]
[SourceDate "2016.02.25"]
[SourceVersion "1"]
[SourceVersionDate "2016.02.25"]
[SourceQuality "1"]

1. Nf3 Nf6 2. g3 d5 3. Bg2 e6 4. 0-0 c5 5. c4 d4 6. d3 Nc6 7. e3 Be7 8. exd4 cxd4 9. Bf4 0-0 10. Ne5 Qb6 11. Nxc6 bxc6 12. Qb3 Bb7 13. Nd2 Nd7 14. Qxb6 axb6 15. Nb3 e5 16. Bd2 Ra7 17. a4 c5 18. Bxb7 Rxb7 19. f4 Bd6 20. Rfe1 f6 21. f5 Kf7 22. Re4 Nb8 23. Be1 Nc6 24. g4 g6 25. Bh4 gxf5 26. gxf5 Rg8+ 27. Kh1 Nb4 28. Rd1 Ra7 29. a5 bxa5 30. Be1 a4 31. Bxb4 axb3 32. Bd2 Ra2 33. Bc1 Ra1 34. Rh4 Rg7 35. h3 Bc7 36. Re4 Ba5 37. Re2 Rg3 38. Kh2 Rf3 39. Rg2 Rxf5 40. Rdg1 Ke6 0-1

[Event "Seville op 38th"]
[Site "Seville"]
[Date "2013.01.16"]
[Round "6"]
[White "Gutierrez Jimenez, Juan Manuel"]
[Black "Fernandez Romero, Ernesto"]
[Result "1/2-1/2"]
[WhiteElo "2296"]
[BlackElo "2480"]
[PlyCount "53"]
[EventDate "2013.01.11"]
[EventType "swiss"]
[EventRounds "9"]
[EventCountry "ESP"]
[SourceTitle "CBM 152 Extra"]
[Source "ChessBase"]
[SourceDate "2013.02.25"]
[SourceVersion "1"]
[SourceVersionDate "2013.02.25"]
[SourceQuality "1"]

1. c4 b6 2. Nc3 Bb7 3. e4 e5 4. Nf3 Nc6 5. Be2 Bc5 6. 0-0 d6 7. a3 a5 8. d3 Nge7 9. Rb1 0-0 10. Nd5 Nxd5 11. cxd5 Nd4 12. b4 axb4 13. axb4 Nxf3+ 14. Bxf3 Bd4 15. Bb2 Bxb2 16. Rxb2 c6 17. dxc6 Bxc6 18. d4 Bb5 19. Re1 Ra3 20. Rd2 Qg5 21. dxe5 dxe5 22. Rd6 Ba4 23. Qc1 Qxc1 24. Rxc1 b5 25. h4 Rb3 26. Rc5 Rxb4 27. Rxe5 1/2-1/2

[Event "Malaga op 12th"]
[Site "Malaga"]
[Date "2009.07.15"]
[Round "6"]
[White "Gutierrez Jimenez, Juan Manuel"]
[Black "Yeo, Michael J"]
[Result "1-0"]
[WhiteElo "2287"]
[BlackElo "2136"]
[PlyCount "91"]
[EventDate "2009.07.11"]
[EventType "swiss"]
[EventRounds "9"]
[EventCountry "ESP"]
[SourceTitle "CBM 131 Extra"]
[Source "ChessBase"]
[SourceDate "2009.09.03"]
[SourceVersion "2"]
[SourceVersionDate "2009.09.16"]
[SourceQuality "1"]

1. e4 e5 2. Nf3 Nc6 3. Nc3 Nf6 4. g3 Nxe4 5. Nxe4 d5 6. Nc3 d4 7. Nb1 e4 8. Qe2 Qe7 9. Ng1 d3 10. cxd3 Nd4 11. Qxe4 Nc2+ 12. Kd1 Nxa1 13. b3 Be6 14. Qxb7 Rd8 15. Bg2 Qb4 16. Bc6+ Bd7 17. Bxd7+ Kxd7 18. Qxb4 Bxb4 19. Bb2 Nxb3 20. axb3 Kc8 21. Kc2 Rhe8 22. Nf3 f6 23. Bd4 Re6 24. Be3 Ra6 25. d4 Ra2+ 26. Kd3 Rd6 27. Rc1 Rb2 28. Rc4 Rxb1 29. Rxb4 a5 30. Kc2 axb4 31. Kxb1 Kb7 32. Ne1 Kc6 33. Nd3 Kb5 34. Kc2 g5 35. g4 Rd7 36. Nc5 Rg7 37. Kd3 Rg6 38. f3 Rh6 39. Bg1 Rh3 40. Ke4 h5 41. gxh5 Rxh5 42. Kf5 g4+ 43. Kg6 Rh4 44. f4 Rh3 45. Kxf6 Rf3 46. Be3 1-0

[Event "Pardubice Jihlavanka op-B 19th"]
[Site "Pardubice"]
[Date "2008.07.22"]
[Round "5"]
[White "Gutierrez Jimenez, Juan Manuel"]
[Black "Umanec, Filip"]
[Result "0-1"]
[WhiteElo "2311"]
[BlackElo "2132"]
[PlyCount "77"]
[EventDate "2008.07.18"]
[EventType "swiss"]
[EventRounds "9"]
[EventCountry "CZE"]
[SourceTitle "CBM 125 Extra"]
[Source "ChessBase"]
[SourceDate "2008.09.01"]
[SourceVersion "1"]
[SourceVersionDate "2008.09.01"]
[SourceQuality "1"]

1. e4 e5 2. Nf3 Nc6 3. Bb5 f5 4. Nc3 fxe4 5. Nxe4 d5 6. Ng3 Bg4 7. h3 Bxf3 8. Qxf3 Nf6 9. d3 Bc5 10. Be3 Bxe3 11. fxe3 0-0 12. 0-0 Ne7 13. Ba4 c6 14. Bb3 Kh8 15. d4 Ng6 16. c3 Qb6 17. Qd1 Rae8 18. Rb1 Qc7 19. Nf5 Qd7 20. Bc2 exd4 21. Qxd4 Ne4 22. Rbd1 Rxf5 23. Bxe4 Rxf1+ 24. Kxf1 Qf7+ 25. Bf3 Ne5 26. Kf2 Nxf3 27. gxf3 Qf5 28. f4 Qxh3 29. Rg1 Qh6 30. Qxa7 Qh2+ 31. Rg2 Qh4+ 32. Rg3 Qh2+ 33. Rg2 Qh4+ 34. Kf3 Qh5+ 35. Kf2 Qd1 36. Qd4 Qxd4 37. exd4 Kg8 38. a4 Kf7 39. Kf3 0-1

[Event "Tarragona op 7th"]
[Site "Tarragona"]
[Date "2006.08.23"]
[Round "5"]
[White "Spraggett, Kevin"]
[Black "Gutierrez Jimenez, Juan Manuel"]
[Result "1/2-1/2"]
[WhiteElo "2577"]
[BlackElo "2276"]
[PlyCount "112"]
[EventDate "2006.08.19"]
[EventType "swiss"]
[EventRounds "9"]
[EventCountry "ESP"]
[SourceTitle "EXT 2007"]
[Source "ChessBase"]
[SourceDate "2006.11.23"]
[SourceVersion "1"]
[SourceVersionDate "2006.11.23"]
[SourceQuality "1"]

1. e4 c5 2. Nf3 e6 3. d4 cxd4 4. Nxd4 a6 5. Nc3 Qc7 6. Bd3 Nc6 7. Nxc6 dxc6 8. f4 e5 9. 0-0 Nf6 10. Kh1 Bc5 11. Qe1 Be6 12. f5 Bd7 13. Qg3 Rg8 14. Rb1 b5 15. Nd1 0-0-0 16. a4 Nh5 17. Qf3 Nf4 18. axb5 cxb5 19. Bxf4 exf4 20. Ra1 Kb7 21. Nc3 Bc6 22. Nd5 Qe5 23. c4 g5 24. fxg6 fxg6 25. Qxf4 Qxf4 26. Rxf4 Rgf8 27. Rf3 Bd4 28. Rb1 Bxd5 29. exd5 Rxf3 30. gxf3 b4 31. b3 Re8 32. Rd1 Bc5 33. Be4 Rd8 34. Kg2 Kb6 35. h4 Bd6 36. h5 gxh5 37. Rh1 h6 38. Rxh5 Rh8 39. Kh3 a5 40. Kg4 Kc5 41. Kf5 a4 42. bxa4 Kxc4 43. Ke6 Kc5 44. Rh1 Re8+ 45. Kd7 Re7+ 46. Kd8 Ra7 47. Rxh6 Rxa4 48. Kd7 Ra7+ 49. Ke6 b3 50. Rh1 Re7+ 51. Kf6 b2 52. Rb1 Rb7 53. Rd1 Rb4 54. Ke6 Rb8 55. Kd7 Rb7+ 56. Ke6 Rb8 1/2-1/2

[Event "Seville Juegos Mundiales op"]
[Site "Seville"]
[Date "2006.??.??"]
[Round "?"]
[White "Gutierrez Jimenez, Juan Manuel"]
[Black "Damljanovic, Branko"]
[Result "0-1"]
[WhiteElo "2281"]
[BlackElo "2615"]
[PlyCount "74"]
[EventDate "2006.07.01"]
[EventType "swiss (rapid)"]
[EventRounds "9"]
[EventCountry "ESP"]
[SourceTitle "EXT 2008"]
[Source "ChessBase"]
[SourceDate "2007.11.25"]
[SourceVersion "1"]
[SourceVersionDate "2007.11.25"]
[SourceQuality "1"]

1. e4 c5 2. Nf3 d6 3. d3 Nc6 4. g3 g6 5. Bg2 Bg7 6. 0-0 e5 7. Nc3 Nge7 8. Nd5 Nxd5 9. exd5 Ne7 10. c4 0-0 11. Rb1 a5 12. Bd2 h6 13. b3 f5 14. Re1 g5 15. Bc3 Ng6 16. Nd2 g4 17. a3 h5 18. b4 axb4 19. axb4 b6 20. bxc5 bxc5 21. Ra1 Bd7 22. Rxa8 Qxa8 23. Qa1 Bh6 24. Nb3 h4 25. Rb1 Qxa1 26. Nxa1 Ra8 27. Bf1 hxg3 28. hxg3 Nh8 29. Rb6 Nf7 30. Kg2 Kf8 31. Be2 Ke7 32. f3 Ra2 33. Kf1 f4 34. gxf4 g3 35. Bb2 Bh3+ 36. Kg1 Bxf4 37. Bf1 g2 0-1

[Event "Dos Hermanas-C"]
[Site "Dos Hermanas"]
[Date "2005.04.08"]
[Round "8"]
[White "Gutierrez Jimenez, Juan Manuel"]
[Black "Fernandez Garcia, Jose Luis"]
[Result "1/2-1/2"]
[WhiteElo "2150"]
[BlackElo "2468"]
[PlyCount "35"]
[EventDate "2005.04.01"]
[EventType "tourn"]
[EventRounds "9"]
[EventCountry "ESP"]
[EventCategory "4"]
[SourceTitle "CBM 105 Extra"]
[Source "ChessBase"]
[SourceDate "2005.05.01"]
[SourceVersion "1"]
[SourceVersionDate "2005.05.01"]
[SourceQuality "1"]

1. e4 Nf6 2. e5 Nd5 3. d4 d6 4. c4 Nb6 5. exd6 cxd6 6. Nc3 g6 7. Be3 Bg7 8. Rc1 0-0 9. b3 e5 10. dxe5 dxe5 11. Qxd8 Rxd8 12. c5 N6d7 13. Nf3 Nc6 14. Bc4 Na5 15. Be2 b6 16. cxb6 Nxb6 17. 0-0 Bb7 18. Rfd1 1/2-1/2

[Event "Dos Hermanas-C"]
[Site "Dos Hermanas"]
[Date "2005.04.05"]
[Round "5"]
[White "Komljenovic, Davorin"]
[Black "Gutierrez Jimenez, Juan Manuel"]
[Result "1-0"]
[WhiteElo "2477"]
[BlackElo "2150"]
[PlyCount "162"]
[EventDate "2005.04.01"]
[EventType "tourn"]
[EventRounds "9"]
[EventCountry "ESP"]
[EventCategory "4"]
[SourceTitle "CBM 105 Extra"]
[Source "ChessBase"]
[SourceDate "2005.05.01"]
[SourceVersion "1"]
[SourceVersionDate "2005.05.01"]
[SourceQuality "1"]

1. d4 Nf6 2. c4 b6 3. Nf3 Bb7 4. g3 e6 5. Bg2 Be7 6. 0-0 0-0 7. Bg5 c5 8. Nc3 Ne4 9. Bxe7 Qxe7 10. Nxe4 Bxe4 11. Qd2 d6 12. Qf4 Bb7 13. Rfd1 Nc6 14. d5 e5 15. Qe3 Nb8 16. Qg5 f6 17. Qc1 Bc8 18. e4 g6 19. Nh4 Na6 20. a3 Bd7 21. Qd2 Rab8 22. Bf1 Qd8 23. Ng2 Kg7 24. Bd3 h5 25. f4 Bh3 26. f5 Bxg2 27. Kxg2 g5 28. h4 g4 29. b4 Kh7 30. Rdb1 Qe7 31. Rb2 Rfd8 32. Rab1 Rbc8 33. Qd1 Qd7 34. Qb3 Rf8 35. Be2 Rg8 36. Bd1 Qe8 37. Qa4 Qxa4 38. Bxa4 Rgd8 39. Bc6 Rb8 40. b5 Nc7 41. a4 Kg8 42. Kf2 Kf8 43. Ke3 Ke7 44. Kd3 Rg8 45. Rb3 Kd8 46. R1b2 Rg7 47. Kc2 Rg8 48. Kb1 Rg7 49. Ka2 Re7 50. Ka3 Rg7 51. a5 Re7 52. Ka4 Rg7 53. Ra3 Re7 54. Kb3 Rg7 55. axb6 axb6 56. Rba2 Re7 57. Ra7 Rg7 58. Rb7 Rxb7 59. Bxb7 Nxb5 60. Ra8+ Kc7 61. cxb5 Kxb7 62. Rf8 c4+ 63. Kc3 Rc7 64. Rxf6 Rc5 65. Rxd6 Rxb5 66. Kxc4 Rc5+ 67. Kb4 Rc1 68. Re6 Rb1+ 69. Kc4 Rc1+ 70. Kd3 Rg1 71. Rxe5 Rxg3+ 72. Kd4 Rf3 73. f6 Rxf6 74. Rxh5 g3 75. Rg5 Rh6 76. Rxg3 Rxh4 77. Rg7+ Kc8 78. d6 b5 79. Kd5 Rh1 80. e5 Rd1+ 81. Ke6 Rh1 1-0

[Event "ESP-ch U18"]
[Site "Mondariz"]
[Date "2004.07.20"]
[Round "4"]
[White "Gutierrez Jimenez, Juan Manuel"]
[Black "Lopez del Alamo, Antonio"]
[Result "0-1"]
[WhiteElo "2107"]
[BlackElo "2268"]
[PlyCount "98"]
[EventDate "2004.07.18"]
[EventType "swiss"]
[EventRounds "9"]
[EventCountry "ESP"]
[SourceTitle "EXT 2005"]
[Source "ChessBase"]
[SourceDate "2004.11.15"]
[SourceVersion "1"]
[SourceVersionDate "2004.11.15"]
[SourceQuality "1"]

1. Nf3 g6 2. d4 Nf6 3. g3 Bg7 4. Bg2 0-0 5. 0-0 d6 6. c4 Nbd7 7. Nc3 e5 8. e3 Re8 9. b3 exd4 10. Nxd4 c6 11. Bb2 Nc5 12. Qc2 a5 13. Rad1 Qe7 14. Rfe1 Nfd7 15. Qd2 Ne5 16. Qc2 f5 17. a3 Nf7 18. b4 axb4 19. axb4 Ne6 20. Nde2 Ne5 21. Nb1 Ng5 22. Nd2 Ra2 23. Rb1 Ne4 24. Qb3 Rxb2 25. Rxb2 Nxf2 26. Nf4 Nfd3 27. Nxd3 Nxd3 28. Qxd3 Bxb2 29. Kf2 Bg7 30. Nb3 Bh6 31. Re2 Bd7 32. Na5 Be6 33. Rd2 Bf7 34. Re2 Bg7 35. b5 Qc7 36. Nxb7 Qxb7 37. Bxc6 Qb8 38. Bxe8 Bxe8 39. Ra2 Bf7 40. Ra6 Be5 41. Qa3 Qb7 42. Rc6 Be8 43. Ra6 Qh1 44. Ra8 Qxh2+ 45. Kf1 Bxg3 46. Rxe8+ Kf7 47. Qa7+ Kxe8 48. e4 Qh1+ 49. Ke2 Qxe4+ 0-1

[Event "Seville op 29th"]
[Site "Seville"]
[Date "2004.01.12"]
[Round "4"]
[White "Estremera Panos, Sergio"]
[Black "Gutierrez Jimenez, Juan Manuel"]
[Result "1/2-1/2"]
[WhiteElo "2353"]
[BlackElo "1951"]
[PlyCount "101"]
[EventDate "2004.01.09"]
[EventType "swiss"]
[EventRounds "9"]
[EventCountry "ESP"]
[SourceTitle "CBM 098 Extra"]
[Source "ChessBase"]
[SourceDate "2004.03.10"]
[SourceVersion "2"]
[SourceVersionDate "2004.03.10"]
[SourceQuality "1"]

1. d4 d6 2. Nf3 Nf6 3. c4 g6 4. Nc3 Bg7 5. e4 0-0 6. Be2 Nbd7 7. 0-0 e5 8. Be3 exd4 9. Nxd4 Nc5 10. f3 h6 11. Qd2 Kh7 12. Rad1 a5 13. Rfe1 Ne6 14. Ndb5 Bd7 15. f4 Bc6 16. Bf3 Nd7 17. Qf2 g5 18. f5 Nec5 19. e5 Bxf3 20. gxf3 Bxe5 21. Bxc5 Bxc3 22. Nxc3 Nxc5 23. Qd4 Nd7 24. c5 Nxc5 25. Nd5 Nd7 26. Re7 Ne5 27. Qe4 c6 28. f6+ Kh8 29. Nc7 Rc8 30. Ne6 Qb6+ 31. Kh1 Qxb2 32. Nxf8 Rxf8 33. Rxd6 Qa1+ 34. Kg2 Qxa2+ 35. Kg3 Ng6 36. Re8 Qa1 37. Rxf8+ Nxf8 38. Rd8 Qg1+ 39. Kh3 Qf1+ 40. Kg4 Qg1+ 41. Kf5 Qc5+ 42. Qe5 Qb4 43. h4 Kh7 44. h5 b5 45. Qe4 Ne6 46. Rc8 c5 47. Rb8 Qxe4+ 48. Kxe4 b4 49. Rb7 Kg8 50. Rb8+ Kh7 51. Rb7 1/2-1/2